Central Library OPAC University of Rajshahi

Fundamentals of statistical signal processing : (Record no. 68047)

MARC details
000 -LEADER
fixed length control field 01041nam a2200289 a 4500
001 - CONTROL NUMBER
control field 68047
003 - CONTROL NUMBER IDENTIFIER
rucl marc code BD-RjUL
005 - DATE AND TIME OF LATEST TRANSACTION
control field 20211209081727.0
008 - FIXED-LENGTH DATA ELEMENTS--GENERAL INFORMATION
fixed length control field 920812r19931993njua b 001 0 eng
020 ## - INTERNATIONAL STANDARD BOOK NUMBER
International Standard Book Number 0133457117 (v. 1)
International Standard Book Number 013504135X (v. 2)
International Standard Book Number 9780132808033 (v. 3)
035 ## - SYSTEM CONTROL NUMBER
System control number (BD-RjUL)68256
040 ## - CATALOGING SOURCE
Original cataloging agency DLC
Transcribing agency DLC
Modifying agency DLC
Language of cataloging eng
041 ## - LANGUAGE CODE
Language code of text/sound track or separate title eng
082 00 - DEWEY DECIMAL CLASSIFICATION NUMBER
Edition number 23
Classification number 621.3822
Author mark and year KAF 2011
100 1# - MAIN ENTRY--PERSONAL NAME
Personal name Kay, Steven M.,
Dates associated with a name 1951-
9 (RLIN) 201702
245 10 - TITLE STATEMENT
Title Fundamentals of statistical signal processing :
Remainder of title estimation theory /
Statement of responsibility, etc. Steven M. Kay.
260 ## - PUBLICATION, DISTRIBUTION, ETC. (IMPRINT)
Place of publication, distribution, etc. Englewood Cliffs, N.J. :
Name of publisher, distributor, etc. Prentice-Hall PTR,
Date of publication, distribution, etc. c1993 [reprinting 2011]
300 ## - PHYSICAL DESCRIPTION
Pagination v. :
Illustrations ill. ;
Size 25 cm.
504 ## - BIBLIOGRAPHY, ETC. NOTE
Bibliography, etc Includes bibliographical references and index.
505 0# - FORMATTED CONTENTS NOTE
Formatted contents note v. 1. Estimation theory -- v. 2. Detection theory -- v. 3. Practical algorithm development.
650 #0 - SUBJECT ADDED ENTRY--TOPICAL TERM
Topical term or geographic name as entry element Signal detection
General subdivision Statistical methods.
9 (RLIN) 201704
Topical term or geographic name as entry element Estimation theory.
9 (RLIN) 153171
942 ## - ADDED ENTRY ELEMENTS (KOHA)
Source of classification or shelving scheme Dewey Decimal Classification
Koha item type Books
Holdings
Lost status Source of classification or shelving scheme Damaged status Not for loan Collection code Permanent Location Current Location Shelving location Date acquired Source of acquisition Cost, normal purchase price Total Checkouts Full call number Date last seen Copy number Koha item type
  Dewey Decimal Classification   Not For Loan Non-fiction Central Library, University of Rajshahi Central Library, University of Rajshahi Reading Room 02/07/2013 Space marketing 8680.00   621.3822 KAF V-1 2011 30/03/2017 C-1 Books